000 01034cam a2200325 a 4500
001 33954
003 BD-RjUL
005 20211209052102.0
008 140512s1982 enk b 001 0 eng d
020 _a0521245443
020 _a0521287782 (pbk.)
035 _aOCLC ocm08219672 from D970728M
_a(BD-RjUL)34046
040 _aDLC
_cDLC
_dBD-RjUL
_beng
041 1 _aeng
_hger
082 0 0 _a304.5
_219
_bBRS 1982
100 1 _aBreuer, Georg
_9103195
245 1 0 _aSociobiology and the human dimension /
_cGeorg Breuer.
250 _aRevised English ed.
260 _aCambridge ;
_aNew York :
_bCambridge University Press,
_c1982.
300 _axviii, 286 p. ;
_c23 cm.
500 _aTranslation of: Der Sogenannte Mensch.
504 _aIncludes index and Bibliography: p. 265-277.
650 0 _aSociobiology.
_9103196
650 0 _aSocial evolution.
_96935
650 0 _aHuman beings
_xAnimal nature.
_9103197
942 _2ddc
_cBK
999 _c33954
_d33954